000 00847 a2200229 4500
008 240605b mp ||||| |||| 00| 0 mon d
020 _a9929-0-716-9
035 _a73
040 _aHE0623081
_bmon
_cMN-UlNLM
_dMN-UlNLM
_erda
041 _amon
042 _a339
084 _2NNA
_a84(5мон)-44
_bА.416
100 _aАлагсай Ч.
245 0 _aТайгатын уулын тайга
264 _aУБ.
_bМонсудар
_c2006
300 _a72х.
336 _2rdacontent
_atext
_btxt
337 _2rdamedia
_aunmediated
_bn
338 _2rdacarrier
_avolume
_bnc
650 _aЭх орныхоо ан амьтаныг хайрлан хамгаалах тэдгээрийн түмэн үзэгдэл, байгаль, Тайгтын уул, Хадны ламын нохой, Миний зүрх цаг...
942 _2NNA
_cBK
999 _c872792
_d872849